000 00508nam a2200157Ia 4500
008 240729s9999 xx 000 0 und d
022 _a1814-0556
245 0 _aInternational Journal of Education and Development using Information and Communication Technology
260 _aBarbados
260 _bUniversity of the West Indies
650 _a Theory and practice of education
650 _aEducation
856 _uhttps://doaj.org/toc/e5c16d23daf348018cb1b1948c02de4c
942 _2ddc
942 _cDOAJEJ
999 _c65620
_d65620
945 _a1
_bMadushi Gamage
_c1
_dMadushi Gamage